Những điều cần biết về hải đảo Việt Nam
Trình bày khái niệm quần đảo, quy định về đảo trong luật biển Việt Nam, giới thiệu về vị trí, địa lí, tiềm năng phát triển của một số đảo ở nước ta.
Na minha lista:
| Formato: | Livro |
|---|---|
| Idioma: | Undetermined |
| Publicado em: |
Hà Nội
Thanh niên
2014
|
| Assuntos: | |
| Tags: |
Adicionar Tag
Sem tags, seja o primeiro a adicionar uma tag!
|
| Thư viện lưu trữ: | Trung tâm Học liệu Trường Đại học Cần Thơ |
|---|
| LEADER | 00912nam a2200205Ia 4500 | ||
|---|---|---|---|
| 001 | CTU_182155 | ||
| 008 | 210402s9999 xx 000 0 und d | ||
| 020 | |c 55000 | ||
| 082 | |a 320.1509597 | ||
| 082 | |b Nh556 | ||
| 245 | 0 | |a Những điều cần biết về hải đảo Việt Nam | |
| 245 | 0 | |c Hạnh Nguyên (Biên soạn) | |
| 260 | |a Hà Nội | ||
| 260 | |b Thanh niên | ||
| 260 | |c 2014 | ||
| 520 | |a Trình bày khái niệm quần đảo, quy định về đảo trong luật biển Việt Nam, giới thiệu về vị trí, địa lí, tiềm năng phát triển của một số đảo ở nước ta. | ||
| 650 | |a Truong Sa island,Hoang Sa island,Territorial,History,Chủ quyền,Đảo Trường Sa,Đảo Hoàng Sa | ||
| 650 | |x Lịch sử | ||
| 904 | |i Tuyến | ||
| 980 | |a Trung tâm Học liệu Trường Đại học Cần Thơ | ||